000
00261nam a22000857a 4500
008
170113b xxu||||| |||| 00| 0 eng d
100
_9
2373
_a
Kumar. S
245
_a
The Land of thus & so English- Main Course- Teachers Copy-4
260
_a
New Delhi
_b
Frank Brothers
_c
2007
999
_c
5363
_d
5363